Players who won 2 world cups - Statistics

General Stats
  • This quiz has been taken 5 times
  • The average score is 5 of 20
Answer Stats
Hint Answer % Correct
BRA Pelé
100%
BRA Garrincha
75%
BRA Ronaldo
75%
BRA Cafu
50%
BRA Vava
50%
BRA Didi
25%
BRA Djalma Santos
25%
BRA Gilmar
25%
BRA Hilderaldo Luis Bellini
25%
BRA Nilton Santos
25%
BRA Pepe
25%
BRA Zito
25%
BRA Carlos José Castilho
0%
IT Eraldo Monzeglio
0%
IT Giovanni Ferrari
0%
IT Giuseppe Meazza
0%
IT Guido Masetti
0%
BRA Mario Zagallo
0%
BRA Mauro Ramos
0%
BRA Zozimo
0%
No matching quizzes found
Score Distribution
Percent of People with Each Score
Percentile by Number Answered
Your Score History
You have not taken this quiz